| 000 | 01534nam a22003617a 4500 | ||
|---|---|---|---|
| 003 | CHAP | ||
| 005 | 20220329135424.0 | ||
| 008 | 971013s1979 r 00010 d | ||
| 010 | _a36197 | ||
| 011 | _a37169 | ||
| 035 | _a41288 | ||
| 040 | _cCHAP | ||
| 082 |
_a631.4072 _bP3Y 1977 |
||
| 100 | 0 | 0 |
_aPalmer, Robert G. _984999 |
| 245 |
_aIntroducción a la ciencia del suelo _b: manual de laboratorio |
||
| 260 |
_aMéxico : _bLibros y editoriales, _c1979 |
||
| 300 |
_a158 p. _b: mapas ; gráfs. |
||
| 500 | _aTrad. de la 2 ed. en inglés de 1977 | ||
| 590 |
_aBATCH-UPD _b10 _c20130110 _lUCH01 _h0051 |
||
| 590 |
_aBATCH-UPD _b10 _c20130110 _lUCH01 _h1842 |
||
| 590 |
_aCONVERSION _b10 _c20130109 _lUCH01 _h1320 |
||
| 650 | 1 | 4 |
_aSuelos _xManuales de laboratorio. _9110426 |
| 700 | 0 |
_aTroeh, Frederick R. _9115260 |
|
| 901 | _aBK | ||
| 942 | _cLIBRO | ||
| 949 |
_a631.4072 P3Y 1977 _bBC _cLIBRO _d-94476 _eLIBRO _fc.3 _h48275 _i41288 _si _t150.00 |
||
| 949 |
_a631.4072 P3Y 1977 _bBC _cLIBRO _d33724000066072 _eLIBRO _h48273 _i41288 _si _t150.00 |
||
| 949 |
_a631.4072 P3Y 1977 _bBC _cLIBRO _d33724000066080 _eLIBRO _fc.2 _h48274 _i41288 _si _t150.00 |
||
| 949 |
_a631.4072 P3Y 1977 _bBC _cLIBRO _d33724000066098 _eLIBRO _fc.5 _h48277 _i41288 _si _t150.00 |
||
| 949 |
_a631.4072 P3Y 1977 _bBC _cLIBRO _d33724000066122 _eLIBRO _fc.7 _gI.c/e _h77342 _i41288 _si _t150.00 |
||
| 949 |
_a631.4072 P3Y 1977 _bBC _cLIBRO _d33724000558136 _eLIBRO _fc.4 _h48276 _i41288 _si _t150.00 |
||
| 949 |
_a631.4072 P3Y 1977 _bBC _cLIBRO _d33724000558144 _eLIBRO _fc.6 _gI.c/e _h77341 _i41288 _si _t150.00 |
||
| 999 |
_c36197 _d36197 |
||